On This Day: July 22nd II Quiz Stats

 Plays Quiz Updated Jul 22, 2018

Score 0/7 Timer 03:00
0 Plays Today
Question Answer Wrong Answers
This capital of New York is chartered by Governor Thomas Dongan, the longest continuously chartered city in the United States.
1686
Albany
90.1%
Buffalo
2.6%
Syracuse
2.1%
New York
5.2%
This American actor, whose acting credits include films like ‘Platoon’, ‘The Last Temptation of Christ’, and ‘Spider-Man’, is born.
1955
Willem Dafoe
78.5%
Edward Norton
7.3%
Jeff Goldblum
6.1%
Harvey Keitel
7.4%
After admiring the view from the top of Pikes Peak in Colorado, Katharine Lee Bates writes the poem that would become this patriotic American song.
1893
America the Beautiful
73.5%
The Star-Spangled Banner
9%
God Bless America
16%
Yankee Doodle
1.3%
Martial law in this Central European country is officially revoked, almost two years after it had been introduced by the nation’s authoritarian communist government.
1983
Poland
62.3%
Austria
6.3%
Switzerland
1.9%
Croatia
28.5%
Outside of Chicago’s Biograph Theatre, this Depression-era American gangster, then dubbed ‘Public Enemy No. 1’, is mortally wounded by FBI agents.
1934
John Dillinger
56.2%
Al Capone
40.1%
John Gotti
1.6%
Eliot Ness
1.6%
After his economic policies had caused him to fall out of favor with Mao Zedong during the Cultural Revolution, ______ is restored to power.
1977
Deng Xiaoping
52.3%
Xi Jinping
14.9%
Chiang Kai-shek
28.1%
Lin Biao
3.8%
This American cyclist, considered by many to be the greatest American cyclist of all-time, wins his third Tour de France.
1990
Greg LeMond
25.9%
Lance Armstrong
69%
Floyd Landis
2.2%
Tyler Hamilton
1.6%

You're not logged in!

Compare scores with friends on all Sporcle quizzes.
OR
Log In

Sporcle TV

Today on Sporcle TV


Watch our educational content, quiz creation guides, and fun videos on Sporcle TV.

Show Comments

Extras

Top Quizzes Today


Score Distribution

Your Account Isn't Verified!

In order to create a playlist on Sporcle, you need to verify the email address you used during registration. Go to your Sporcle Settings to finish the process.

Report this User

Report this user for behavior that violates our Community Guidelines.

Details: